<?xml version="1.0" encoding="UTF-8"?>
<record
    xmlns:xsi="http://www.w3.org/2001/XMLSchema-instance"
    xsi:schemaLocation="http://www.loc.gov/MARC21/slim http://www.loc.gov/standards/marcxml/schema/MARC21slim.xsd"
    xmlns="http://www.loc.gov/MARC21/slim">

  <leader>01103nam0a2200277 i 4500</leader>
  <controlfield tag="001">RU\NLR\BIBL_A\010702988</controlfield>
  <controlfield tag="005">20241103125029.0</controlfield>
  <datafield tag="010" ind1=" " ind2=" ">
    <subfield code="a">9785940749776</subfield>
    <subfield code="9">100</subfield>
  </datafield>
  <datafield tag="035" ind1=" " ind2=" ">
    <subfield code="a">(NLR Aleph) 010702988</subfield>
  </datafield>
  <datafield tag="090" ind1=" " ind2=" ">
    <subfield code="a">9729784</subfield>
    <subfield code="c">9729784</subfield>
  </datafield>
  <datafield tag="100" ind1=" " ind2=" ">
    <subfield code="a">20150318d2014    u  y0rusy50      ca</subfield>
  </datafield>
  <datafield tag="101" ind1="0" ind2=" ">
    <subfield code="a">rus</subfield>
  </datafield>
  <datafield tag="102" ind1=" " ind2=" ">
    <subfield code="a">RU</subfield>
  </datafield>
  <datafield tag="105" ind1=" " ind2=" ">
    <subfield code="a">a|||z|||000yy</subfield>
  </datafield>
  <datafield tag="200" ind1="1" ind2=" ">
    <subfield code="a">&#x41F;&#x440;&#x43E;&#x433;&#x440;&#x430;&#x43C;&#x43C;&#x438;&#x440;&#x43E;&#x432;&#x430;&#x43D;&#x438;&#x435; &#x438; &#x43E;&#x442;&#x43B;&#x430;&#x434;&#x43A;&#x430; C/C++ &#x43F;&#x440;&#x438;&#x43B;&#x43E;&#x436;&#x435;&#x43D;&#x438;&#x439; &#x434;&#x43B;&#x44F; &#x43C;&#x438;&#x43A;&#x440;&#x43E;&#x43A;&#x43E;&#x43D;&#x442;&#x440;&#x43E;&#x43B;&#x43B;&#x435;&#x440;&#x43E;&#x432; ARM</subfield>
    <subfield code="f">&#x42E;.&#x421;. &#x41C;&#x430;&#x433;&#x434;&#x430;</subfield>
  </datafield>
  <datafield tag="210" ind1=" " ind2=" ">
    <subfield code="a">&#x41C;&#x43E;&#x441;&#x43A;&#x432;&#x430;</subfield>
    <subfield code="c">&#x414;&#x41C;&#x41A; &#x41F;&#x440;&#x435;&#x441;&#x441;</subfield>
    <subfield code="d">2014</subfield>
  </datafield>
  <datafield tag="215" ind1=" " ind2=" ">
    <subfield code="a">166, [1] &#x441;.</subfield>
    <subfield code="c">&#x438;&#x43B;.</subfield>
    <subfield code="d">20</subfield>
  </datafield>
  <datafield tag="606" ind1="1" ind2=" ">
    <subfield code="a">ARM, &#x43C;&#x438;&#x43A;&#x440;&#x43E;&#x43A;&#x43E;&#x43D;&#x442;&#x440;&#x43E;&#x43B;&#x43B;&#x435;&#x440;&#x44B;</subfield>
    <subfield code="x">&#x41F;&#x440;&#x43E;&#x433;&#x440;&#x430;&#x43C;&#x43C;&#x438;&#x440;&#x43E;&#x432;&#x430;&#x43D;&#x438;&#x435;</subfield>
    <subfield code="9">2249561</subfield>
    <subfield code="3">RU\NLR\AUTH\6601580114</subfield>
  </datafield>
  <datafield tag="606" ind1=" " ind2=" ">
    <subfield code="a">C, &#x44F;&#x437;&#x44B;&#x43A; &#x43F;&#x440;&#x43E;&#x433;&#x440;&#x430;&#x43C;&#x43C;&#x438;&#x440;&#x43E;&#x432;&#x430;&#x43D;&#x438;&#x44F;</subfield>
    <subfield code="9">1672093</subfield>
    <subfield code="3">RU\NLR\AUTH\661040545</subfield>
  </datafield>
  <datafield tag="606" ind1=" " ind2=" ">
    <subfield code="a">C++, &#x44F;&#x437;&#x44B;&#x43A; &#x43F;&#x440;&#x43E;&#x433;&#x440;&#x430;&#x43C;&#x43C;&#x438;&#x440;&#x43E;&#x432;&#x430;&#x43D;&#x438;&#x44F;</subfield>
    <subfield code="9">2072018</subfield>
    <subfield code="3">RU\NLR\AUTH\661246828</subfield>
  </datafield>
  <datafield tag="686" ind1="1" ind2=" ">
    <subfield code="a">&#x417;973.26-018</subfield>
  </datafield>
  <datafield tag="700" ind1=" " ind2="1">
    <subfield code="a">&#x41C;&#x430;&#x433;&#x434;&#x430;</subfield>
    <subfield code="b">&#x42E;. &#x421;.</subfield>
    <subfield code="g">&#x42E;&#x440;&#x438;&#x439; &#x421;&#x442;&#x435;&#x43F;&#x430;&#x43D;&#x43E;&#x432;&#x438;&#x447;</subfield>
  </datafield>
  <datafield tag="942" ind1=" " ind2=" ">
    <subfield code="c">BOOK</subfield>
  </datafield>
  <datafield tag="980" ind1=" " ind2=" ">
    <subfield code="a">NBR</subfield>
  </datafield>
</record>
